Simulation of streamflow, evapotranspiration, and groundwater recharge in the middle Nueces River watershed, south Texas, 1961-2008 /

Bibliographic Details
Main Author: Dietsch, Benjamin J.
Corporate Authors: United States. Army. Corps of Engineers, Geological Survey (U.S.)
Other Authors: Wehmeyer, Loren L.
Format: Government Document eBook
Language:English
Published: Reston, Va : U.S. Dept. of the Interior, U.S. Geological Survey, 2012.
Series:Scientific investigations report ; 2012-5136.
Subjects:
Online Access:https://purl.fdlp.gov/GPO/gpo32708

MARC

Tag First Indicator Second Indicator Subfields
LEADER 00000cam a2200000 a 4500
001 in00002812939
005 20211120170751.0
006 m o d f
007 cr bn|||||||||
008 130102s2012 vauab ob f000 0 eng c
035 |a (OCoLC)ocn823160691 
040 |a GPO  |c GPO  |d GPO  |d MvI  |d UtOrBLW 
042 |a pcc 
049 |a WWW 
074 |a 0624-B-02 (online) 
086 0 |a I 19.42/4-4:2012-5136 
100 1 |a Dietsch, Benjamin J. 
245 1 0 |a Simulation of streamflow, evapotranspiration, and groundwater recharge in the middle Nueces River watershed, south Texas, 1961-2008 /  |c by Benjamin J. Dietsch and Loren L. Wehmeyer ; prepared in cooperation with the U.S. Army Corps of Engineers [and others]. 
264 1 |a Reston, Va :  |b U.S. Dept. of the Interior, U.S. Geological Survey,  |c 2012. 
300 |a 1 online resource (47 unnumbered pages) :  |b color illustrations, color maps. 
336 |a text  |b txt  |2 rdacontent 
337 |a computer  |b c  |2 rdamedia 
338 |a online resource  |b cr  |2 rdacarrier 
490 1 |a Scientific investigations report ;  |v 2012-5136 
500 |a Title from title screen (viewed on Jan. 2, 2013). 
504 |a Includes bibliographical references (pages [35-37]). 
500 |a Electronic resource. 
650 0 |a Streamflow  |z Texas  |z Nueces River Watershed  |x Computer simulation. 
650 0 |a Groundwater recharge  |z Texas  |z Nueces River Watershed  |x Computer simulation. 
650 0 |a Evapotranspiration  |z Texas  |z Nueces River Watershed  |x Computer simulation. 
700 1 |a Wehmeyer, Loren L. 
710 1 |a United States.  |b Army.  |b Corps of Engineers. 
710 2 |a Geological Survey (U.S.) 
776 0 8 |i Print version: Dietsch, Benjamin J.  |t Simulation of streamflow, evapotranspiration, and groundwater recharge in the middle Nueces River watershed, south Texas, 1961-2008  |z 9781411334373  |w (OCoLC)813289583 
830 0 |a Scientific investigations report ;  |v 2012-5136. 
856 4 0 |u https://purl.fdlp.gov/GPO/gpo32708  |t 0 
999 |a MARS 
999 f f |s 4e883247-7fa5-3b7f-86be-77e256c5ca40  |i d8066f04-4541-3358-8f32-882c22fbe7e9  |t 0 
952 f f |a Texas A&M University  |b College Station  |c Electronic Resources  |d Available Online  |t 0  |e I 19.42/4-4:2012-5136  |h Superintendent of Documents classification 
998 f f |a I 19.42/4-4:2012-5136  |t 0  |l Available Online